000 005640000a22002050004500
001 55300
010 _a972-21-0933-2
090 _a55300
100 _a20091028d2003 a y0pory5003 ba
101 0 _apor
102 _aPT
200 1 _aHistórias abensonhadas
_fMia Couto
205 _a7ª ed
210 _aLisboa
_cCaminho
_d2003
215 _a186 p
225 2 _aOutras margens
_v16
675 _a821.134.3(679)-34
_vBN
_zpor
700 1 _aCouto
_bMia
_cpseud.
942 _cMON
_n0
999 _a55300
_bBibliobase - BEBDMI
_c2019-01-21